| 000 | 00539cam a22002171 4500 | ||
|---|---|---|---|
| 001 | sa 63003946 | ||
| 003 | DLC | ||
| 005 | 20260227111945.0 | ||
| 008 | 890417s1962 ii a 000 0 urdr | ||
| 010 | _asa 63003946 | ||
| 035 | _a(OCoLC)19559760 | ||
| 040 |
_aDLC _cWaU _dDLC |
||
| 042 | _apremarc | ||
| 050 | 0 | 0 |
_aBP186 _b.J64 |
| 100 | 1 |
_aJoshi, Shripad, _d1920- |
|
| 245 | 1 | 0 | _aMuslima saṇa äṇi sãskāra. |
| 260 | _c[1962] | ||
| 300 |
_a86 p. _billus. _c19 cm. |
||
| 500 | _aIn Marathi. | ||
| 650 | 0 |
_aFasts and feasts _xIslam. |
|
| 999 |
_c55377 _d55377 |
||